000 00427nam a2200133Ia 4500
008 220616s9999||||xx |||||||||||||| ||und||
022 _a19194390
100 _aMichael Power
245 2 _aA Designer's Log: Case Studies in Instructional Design
546 _aEnglish[eng]
650 _aeducation||instructional design||online learning||distance learning
856 _uhttp://www.aupress.ca/index.php/books/120161
942 _cEB
999 _c20625
_d20625